|
|
|
|
| LEADER |
00000cam a2200000 7i4500 |
| 001 |
0000012860 |
| 005 |
20080321.0 |
| 008 |
080103 |
| 020 |
|
|
|a 9831924444
|
| 090 |
0 |
0 |
|a 371.33
|b LIM
|
| 100 |
0 |
|
|a Lim Chap Sam,prof. Madya Dr.
|
| 245 |
1 |
0 |
|a Alat bantu mengajar matematik
|c Prof. Madya Dr. Lim Chap Sam,Prof. Madya Dr. Fatimah Salleh, Dr. Munirah Ghazali
|
| 260 |
|
|
|a Pahang :
|b PTS Publications & Distributor ,
|c 2003
|
| 440 |
|
|
|a Siri pendidikan
|
| 650 |
|
0 |
|a Educational technology
|
| 650 |
|
0 |
|a Media program (Education)
|
| 650 |
|
0 |
|a Teaching
|x Aids and devices
|
| 700 |
0 |
|
|a Fatimah Salleh
|
| 700 |
0 |
|
|a Munirah Ghazali
|
| 999 |
|
|
|a 0000909775
|b Book
|c Adult Collection
|e Cawangan Bandar Tenggara
|
| 999 |
|
|
|a 0001010449
|b Book
|c Adult Collection
|e Cawangan Taman Sri Lambak
|
| 999 |
|
|
|a 0001010450
|b Book
|c Adult Collection
|e Perbadanan Perpustakaan Awam Johor
|
| 999 |
|
|
|a 0001010451
|b Book
|c Adult Collection
|e Perbadanan Perpustakaan Awam Johor
|